PERMEABILITY TO WATER AND VIABILITY IN HETEROMORPHIC COLOR SEEDS OF Bowdichia Virgilioides KUNTH (Registro n. 330205)
[ somente texto ]
| 000 -LÍDER | |
|---|---|
| fixed length control field | 04000nab a2200313 i 4500 |
| 003 - CÓDIGO MARC DA AGÊNCIA CATALOGADORA | |
| Campo de controle | BR-BrBNA |
| 005 - DATA E HORA DA ÚLTIMA ATUALIZAÇÃO | |
| Campo de controle | 20250228163732.0 |
| 008 - CAMPO DE TAMANHO FIXO | |
| fixed length control field | 250228b2021 bl.ar|pooa||| 00| 0 eng | |
| 040 ## - FONTE DA CATALOGAÇÃO | |
| Agência catalogadora | BR-BrBNA |
| Idioma da catalogação | eng |
| 072 ## - CATEGORIA AGRIS | |
| Código AGRIS | K10 |
| 100 ## - ENTRADA PRINCIPAL - NOME PESSOAL | |
| Nome pessoal | Silva, Raquel Gonçalves |
| 100 ## - ENTRADA PRINCIPAL - NOME PESSOAL | |
| Nome pessoal | Santana, Denise Garcia de |
| 100 ## - ENTRADA PRINCIPAL - NOME PESSOAL | |
| Nome pessoal | Guimarães, Cristiane Carvalho |
| 100 ## - ENTRADA PRINCIPAL - NOME PESSOAL | |
| Nome pessoal | Silva, Edvaldo Aparecido Amaral da |
| 245 ## - TÍTULO PRINCIPAL | |
| Título principal | PERMEABILITY TO WATER AND VIABILITY IN HETEROMORPHIC COLOR SEEDS OF Bowdichia Virgilioides KUNTH |
| 500 ## - NOTA GERAL | |
| Nota geral | Publicação on-line; 3 illus; Sumaries (En, Pt); Bibliography p. 9 - 12 |
| 942 ## - ADDED ENTRY ELEMENTS (KOHA) | |
| Koha item type | Analítica |
| 520 ## - NOTA DE RESUMO | |
| Nota de conteúdo | <br/><br/>ABSTRACT – Species that produce seeds with a rigid integument represent a serious problem because their impermeable coat restricts the entry of water, which makes germination diffi cult. The heteromorphism of the integument in Bowdichia virgilioides causes water imbibition to vary substantially and, therefore, the objective of this work was to study the relation of seed coat color with permeability and viability in Bowdichia virgilioides. Seeds were separated into fi ve diff erent colors (yellowish-orange, orange, orange/reddish, reddish, and rusty red) and the following parameters were analyzed: water absorption, germination, mortality, viability, synchrony, and maximum potential of germination. The color was a determining factor for most of the evaluated parameters. The seeds with yellowish or orange/reddish coats tend to be little permeable to water while seeds with reddish or rusty red coats are highly permeable. The results indicated that seeds with reddish color had greater physiological potential indicating a probable relationship with the maturation point of the species. However, in the seeds of the species studied, irrespective of coloring, germination was late with low synchrony and low daily seed germination count, typical characteristics of dormancy.<br/><br/>Keywords: Seed coat; Water uptake; Germination. |
| 520 ## - NOTA DE RESUMO | |
| Nota de conteúdo | <br/><br/>RESUMO – Espécies que produzem sementes com tegumento rígido representam um sério problema, pois esta estrutura restringe a entrada de água, o que dificulta a germinação. O heteromorfi smo do tegumento em Bowdichia virgilioides faz com que a embebição de água varie substancialmente e, portanto, o objetivo deste trabalho foi estudar a relação da cor do tegumento com a permeabilidade e viabilidade em Bowdichia virgilioides. As sementes foram separadas em cinco cores diferentes (amarelado/alaranjado, alaranjado, alaranjado/ avermelhado, avermelhado e vermelho ferrugíneo) e os seguintes parâmetros foram analisados: absorção de água, germinação, mortalidade, viabilidade, sincronia e potencial máximo de germinação. A cor foi um fator determinante para a maioria dos parâmetros avaliados. As sementes com camadas amareladas, alaranjadas e alaranjados/avermelhado tendem a ser pouco permeáveis à água, enquanto as sementes com camadas avermelhadas ou vermelho ferrugíneo são altamente permeáveis. Os resultados indicaram que sementes com coloração avermelhada apresentaram maior potencial fisiológico indicando provável relação com o ponto de maturação da espécie. Porém, nas sementes da espécie estudada, independentemente da coloração, a germinação foi tardia, com baixa sincronia e baixa contagem diária de germinação, características típicas de dormência.<br/><br/>Palavras-Chave: Tegumento; Absorção de água; Germinação. |
| 650 ## - ASSUNTO - THESAGRO | |
| Cabeçalho tópico ou nome geográfico | SUCUPIRA |
| 650 ## - ASSUNTO - THESAGRO | |
| Cabeçalho tópico ou nome geográfico | AÇU |
| 650 ## - ASSUNTO - THESAGRO | |
| Cabeçalho tópico ou nome geográfico | SEMENTE |
| 650 ## - ASSUNTO - THESAGRO | |
| Cabeçalho tópico ou nome geográfico | GERMINAÇÃO |
| 650 ## - ASSUNTO - THESAGRO | |
| Cabeçalho tópico ou nome geográfico | TEGUMENTO |
| 650 ## - ASSUNTO - THESAGRO | |
| Cabeçalho tópico ou nome geográfico | ABSORÇÃO DE ÁGUA |
| 773 0# - ENTRADA ANALÍTICA | |
| Host Biblionumber | 812 |
| Registro do item | 346928 |
| Imprenta | Viçosa-MG Sociedade de Investigações Florestais - Universidade Federal de Viçosa. Depto. de Engenharia Florestal 1977 |
| Outro identificador | 2024-7726 |
| Título | Revista Árvore (Brazil) |
| ISSN | 0100-6762 |
| Colação | v. 45 p. 1-12 ; (2021) |
| Número de controle de registro | BR2024004860 |
| 856 ## - ACESSO E ENDEREÇO ELETRÔNICO | |
| Identificador uniforme de recurso - URI | https://www.scielo.br/j/rarv/a/FWnfYRCQpT4FfQnPLbDGTDb/?format=pdf&lang=en |
Nenhum exemplar disponível.

BINAGRI